000 01126cam a2200325 a 4500
999 _c531396
_d531396
001 1211510
003 NUST
005 20191015154741.0
008 990401s1998 pk b 001 0 eng
010 _a 98930435
_z99188754
025 _aP-E-98930435; 07; 08
038 _aMSOHAIL
040 _aDLC
_cDLC
042 _alcode
043 _aa-pk---
_aa-ii---
050 0 0 _aDS384
_b.Z333 1998
082 0 0 _a954.9043
_221
100 1 _aZaheer, Hasan.
_924083
245 1 4 _aThe times and trial of the Rawalpindi conspiracy 1951 :
_bthe first coup attempt in Pakistan /
_cHasan Zaheer.
246 3 0 _aRawalpindi conspiracy 1951
260 _aKarachi :
_bOxford University Press,
_c1998.
300 _axxxvii, 325 p. ;
_c22 cm.
504 _aIncludes bibliographical references and index.
651 0 _aPakistan
_xPolitics and government.
_9206
651 0 _aPakistan
_xArmed Forces
_xPolitical activity.
_922966
651 0 _aJammu and Kashmir (India)
_xHistory.
_95527
906 _a7
_bcbc
_corigode
_d3
_encip
_f19
_gy-gencatlg
942 _2ddc
_cBK